Music Quiz

Random Music or Kpop Quiz

Name all the KPOP group members Quiz Stats

 Plays Quiz not verified by Sporcle

Score 0/285 Timer 20:00
0 Plays Today
% Correct
D.O.
98.3%
Sunye
97.2%
Min
97.1%
GD
97%
TOP
97%
Seungri
96.9%
Taeyang
96.5%
Daesung
95.8%
Joon
95.8%
Leeteuk
95.3%
Heechul
95.1%
Heechul
95.1%
Onew
95%
Key
94.9%
Taemin
94.8%
Minho
94.5%
Siwon
93.6%
Jonghyun
92.6%
Jonghyun
92.6%
Shindong
92.3%
Henry
91.1%
Mir
91.1%
Donghae
90.8%
Eunhyuk
90.8%
Changmin
90.7%
Amber
90.7%
CL
90.7%
G.O.
90.6%
Kyuhyun
90.5%
Bom
90.5%
Ryeowook
90.2%
Krystal
90.1%
Minzy
90.1%
Dara
90%
Kai
89.9%
Junsu
89.7%
Victoria
89.6%
Hyuna
89.4%
Kevin
89.2%
Kevin
89.2%
Jessica
89.2%
Tiffany
89.2%
Sulli
89.2%
Yesung
89%
Sunny
89%
Yunho
88.8%
Kris
88.8%
Junsu
88.7%
Yoseob
88.6%
Luna
88.6%
Changmin
88.4%
Thunder
88.3%
Gikwang
88.2%
Taeyeon
88.2%
Taecyeon
88%
Myungsoo
88%
Kibum
87.9%
Kibum
87.9%
Sungmin
87.8%
Kangin
87.6%
Yoona
87.6%
Luhan
87.3%
Suzy
87.3%
Zico
87.1%
Yuri
87.1%
Tao
87%
Minhyuk
86.5%
Minhyuk
86.5%
Dongwoo
86.4%
Zelo
86.2%
Lay
86%
Fei
85.9%
Sehun
85.5%
Jaejoong
85.2%
Baekhyun
85%
Suho
84.9%
Zhoumi
84.7%
Baro
84.7%
Nichkhun
84.6%
Hoya
84.5%
Chen
84.5%
Niel
84.4%
Wooyoung
84%
Hongki
84%
Chanyeol
83.9%
Jay Park
83.6%
C.A.P.
83.5%
Xiumin
83.5%
Bora
83.5%
Eli
83.3%
Jia
83.3%
Jokwon
83.2%
Ren
83%
Seohyun
83%
Junho
82.6%
% Correct
Yoochun
82.5%
Doojoon
82.4%
Seungho
82%
P.O.
81.7%
Sooyoung
81.7%
Rain
81.6%
Yonghwa
81.5%
CNU
81.4%
Hyoyeon
81.3%
Dongwoon
81.2%
L.Joe
81.1%
Ricky
80.5%
Bang Yong Guk
80.3%
Hyorin
80%
Hangeng
79.8%
Hyunseung
79.8%
Sunggyu
79.6%
Himchan
79.4%
Ga In
78.9%
Hyori
78.9%
Chansung
78.6%
Minwoo
78.4%
Minwoo
78.4%
Minwoo
78.4%
Woohyun
78.2%
Hara
78.1%
Sandeul
78.1%
Sungyeol
78%
AJ
77.9%
Nana
77.8%
JR
77.6%
BBomb
77.5%
Chunji
77.4%
Gongchan
77.4%
Changjo
77.3%
Daehyun
77.2%
Junhyung
77.1%
Sungjong
76.7%
Lizzy
76.7%
Kiseop
76.6%
Jongup
76.4%
Youngjae
76.2%
Jinyoung
75.9%
Jay
75.3%
Aron
75.1%
Dasom
74.9%
Dongho
74.5%
Taeil
74.1%
Uee
73.8%
Alexander
73.5%
Narsha
73.4%
Seulong
73.2%
Ukwon
73.2%
Baekho
72.6%
Hoon
72.3%
Gayoon
72.2%
Kyung
71.9%
Jea
71.9%
Jinwoon
71.9%
Soyou
71.9%
IU
71.7%
Kwangmin
71.3%
Qri
71.1%
Eric
70.9%
Nicole
70.4%
Soohyun
70.3%
Youngmin
69.8%
Miryo
69.6%
Jungshin
69.5%
Jihyun
69.5%
Sohyun
69.5%
Jiyoon
69.4%
Boram
69%
Hyunjoong
68.5%
Jaehyo
68.4%
Peniel
68%
Raina
68%
Jiyeon
67.9%
Jungmin
67.8%
Jungmin
67.8%
Minhyun
67.8%
Eunji
67.5%
Kwanghee
67.3%
Ilhoon
66.8%
Siwan
66.4%
BoA
66.2%
Gyuri
65.9%
Sohee
65.6%
Eunjung
64.3%
Yoobin
64%
Andy
63.5%
Gahee
63.1%
Zinger
63.1%
Eunkwang
63%
Sungjae
62.9%
% Correct
Se7en
62.6%
Zin
62.2%
Jaejin
61.8%
Bomi
61.3%
Hyungjoon
61.1%
Seunghyun
61%
Hyosung
61%
Naeun
60.1%
Baek Ji Young
60.1%
Hyunsik
59.6%
Minhwan
59.4%
Jieun
59.1%
Chorong
58.8%
Sunhwa
58.5%
Jonghun
58%
Jiyoung
57.7%
Hyomin
57.7%
K.will
57.5%
Changsub
57.4%
Ye Eun
57.3%
Donghyun
57.2%
Dongjun
56.9%
Hyungshik
55.8%
Ailee
55.6%
Joo
54%
Soyeon
53.3%
E-Young
53.3%
Seungyeon
52.2%
Hyunseong
52%
Daniel
52%
G.NA
50.3%
Hwayoung
50.1%
Psy
50%
Namjoo
49.7%
Jungah
48.5%
Lim
48.4%
Min Kyung
48.2%
Sun Mi
47.6%
Brian
47.3%
Hae Ri
45.8%
Kyujong
44.8%
Youngsaeng
44.6%
Junyoung
44.3%
Bekah
43.8%
Hayoung
43.3%
Taehun
42.2%
Junjin
40.7%
Gaeun
40.6%
Wonbin
40.6%
Insoo
40.5%
Jooyeon
40.1%
Inati
40%
Jun.Q
38.5%
Lee Seung Gi
38.2%
Gunwoo
38.1%
Day Day
37.8%
Wheesung
37.2%
Gummy
36.8%
Hyesung
36.3%
Chaejin
35.9%
Dongwan
35.9%
Seyong
34.8%
Dari
34.2%
Yookyung
34%
Jisu
33.1%
Aoora
32.5%
Hwanhee
32.2%
Kimchi
32%
Mika
31.9%
Son Dambi
30.8%
Karam
30.2%
Bada
28.3%
Youngwon
27%
Eugene
26.4%
Ghun
24.8%
Huh Gak
24.6%
Hoik
24.2%
Ivy
23.6%
Kim Jong Kook
23.3%
Woosang
22.7%
Hyunmin
22.3%
Injun
22%
Soyoung
22%
Sulhu
20.5%
Shoo
20.4%
Taefung
20%
MC Mong
19.9%
Kim Tae Woo
19%
Younha
18.9%
Joowon
18.6%
Haewon
18.4%
Seo In Young
17.5%
Sunghee
11.7%
Taegoon
10.3%
Haha
9.9%

You're not logged in!

Compare scores with friends on all Sporcle quizzes.
OR
Log In

Show Comments

Extras

Created Apr 20, 2012ReportNominate
Tags:Kpop Quiz, Kpop Quiz

Top Quizzes Today


Score Distribution

Your Account Isn't Verified!

In order to create a playlist on Sporcle, you need to verify the email address you used during registration. Go to your Sporcle Settings to finish the process.

Report this User

Report this user for behavior that violates our Community Guidelines.

Details: